Nördlichste Länder auf der Südhalbkugel - Statistiken

Allgemein
  • Dieses Quiz wurde 175 mal gespielt
  • Das Durchschnittsergebnis liegt bei 14 aus 20
Antwortstatistiken
Breitengrad Land % Korrekt
00°01′S Peru
83%
04°24′S Angola
81%
09°16′S Australien
79%
08°14′S Sambia
79%
00°59′S Tansania
79%
11°57′S Madagaskar
77%
10°27′S Mosambik
76%
09°40′S Bolivien
75%
01°03′S Ruanda
75%
02°18′S Burundi
74%
03°43′S Seychellen
73%
11°22′S Komoren
72%
09°22′S Malawi
72%
00°52′S Papua-Neuguinea
71%
05°39′S Tuvalu
69%
08°19′S Osttimor
67%
05°13′S Salomonen
67%
10°25′S Mauritius
65%
00°30′S Nauru
60%
08°31′S Neuseeland (Tokelau)
52%
Keine übereinstimmenden Quizze gefunden
Verteilung der Resultate
Anzahl Personen mit jedem Resultat
Perzentil nach korrekt beantworteten Fragen
Ihre Resultats-Entwicklung
Sie haben dieses Quiz noch nicht gespielt